Score 0/24 Timer 04:00
0 Plays Today
% Correct
CAFEDECAF
91.8%
CAFECHAFE
80.6%
CASHSHACK
80%
CHOPPOACH
75.3%
CHATCHANT
73.1%
CASHCLASH
72%
CHOPCHOMP
71.9%
CHATCHART
71.3%
CAFEFACET
67.7%
CAPEPLACE
67.7%
CAPEPEACE
65.4%
COREFORCE
60.4%
% Correct
CHATCATCH
59.9%
CAPEPECAN
59.5%
CORECRONE
48.9%
CITETWICE
48.6%
COLALOCAL
45.2%
CITEEVICT
44.7%
COLACLOAK
39.6%
COLAFOCAL
36.3%
CORECOWER
31.6%
CHOPEPOCH
22.3%
CASHCHAOS
19.8%
CITEETHIC
11.1%
Remove Ads.
Support Sporcle.
Get the best of Sporcle when you Go Orange. This ad-free experience offers more features, more stats, and more fun while also helping to support Sporcle. Thank you for becoming a member.

You're not logged in!

Compare scores with friends on all Sporcle quizzes.
OR
Log In

Show Comments

Extras

Top Quizzes Today


Score Distribution

Your Account Isn't Verified!

In order to create a playlist on Sporcle, you need to verify the email address you used during registration. Go to your Sporcle Settings to finish the process.

Report this User

Report this user for behavior that violates our Community Guidelines.

Details: